[Event "SweCh Jun"]
[Site "Umeå, Sweden"]
[Date "2003.07.08"]
[Round "9"]
[White "Norberg, Johan"]
[Black "Revelj, Oskar"]
[Result "1-0"]
[WhiteElo "2245"]
[BlackElo "2148"]
[PlyCount "111"]
[EventDate "2003.06.29"]
[SourceDate "2003.06.29"]

1. e4 Nf6 2. e5 Nd5 3. d4 d6 4. Nf3 dxe5 5. Nxe5 g6 6. Bc4 c6 7. O-O Bg7 8. Re1
O-O 9. Bb3 Be6 10. Nd2 Nd7 11. Ndf3 Nxe5 12. Nxe5 a5 13. c3 Qc7 14. Nd3 Bf5 15.
Bg5 Rfe8 16. a4 Bf6 17. Bxf6 Nxf6 18. Ne5 Nd5 19. Qf3 Rad8 20. Rad1 Kg7 21. c4
Nf6 22. g4 Be6 23. d5 Nd7 24. Nd3 cxd5 25. cxd5 Bxg4 26. Qxg4 Nf6 27. Qd4 Qd7
28. Nc5 Qh3 29. Rd3 Qh5 30. Ne4 e5 31. Nxf6 Qg5+ 32. Qg4 Qxf6 33. Rc3 h5 34.
Qf3 Qg5+ 35. Qg3 Qf6 36. h4 e4 37. Qg5 Qd6 38. Rce3 Re5 39. Qf4 f5 40. Rc1 Rd7
41. f3 Rxd5 42. Qxd6 R5xd6 43. fxe4 Rd2 44. exf5 gxf5 45. Rf1 Rxb2 46. Rxf5
Rb1+ 47. Kf2 Rd2+ 48. Kf3 Rf1+ 49. Ke4 Rxf5 50. Kxf5 Rd7 51. Rg3+ Kh7 52. Rg5
Rc7 53. Rxh5+ Kg7 54. Rg5+ Kh8 55. Be6 Rc1 56. Kg6 1-0

[Event "SweCh Jun"]
[Site "Umeå, Sweden"]
[Date "2003.07.08"]
[Round "9"]
[White "Semcesen, Daniel"]
[Black "Ong, Kezli"]
[Result "0-1"]
[WhiteElo "2333"]
[BlackElo "2241"]
[PlyCount "96"]
[EventDate "2003.06.29"]
[SourceDate "2003.06.29"]

1. Nf3 c5 2. e4 d6 3. d3 Nc6 4. g3 g6 5. Bg2 Bg7 6. O-O e5 7. c3 Nge7 8. a3 O-O
9. b4 a6 10. Nbd2 h6 11. Bb2 Be6 12. Re1 Rc8 13. Rb1 Qc7 14. Nb3 b6 15. Rc1 Qd7
16. Nbd2 Rfd8 17. Qe2 Re8 18. Ba1 cxb4 19. cxb4 d5 20. d4 Nxd4 21. Nxd4 exd4
22. e5 Nc6 23. f4 a5 24. b5 Ne7 25. Bxd4 Qb7 26. a4 Nf5 27. Bf2 Bf8 28. Nb3 Bb4
29. Red1 h5 30. Nd4 Nxd4 31. Bxd4 Bc5 32. Qe3 Bg4 33. Re1 Bxd4 34. Qxd4 Be6 35.
h4 Red8 36. Qe3 Rc7 37. Rxc7 Qxc7 38. Rc1 d4 39. Qd2 Qd7 40. Rc6 Qe7 41. Rxb6
d3 42. Kf1 Qb4 43. Qxb4 axb4 44. Rd6 Rxd6 45. exd6 b3 46. Be4 Bc4 47. Kf2 d2
48. Bf3 Kf8 0-1

[Event "SweCh Jun"]
[Site "Umeå, Sweden"]
[Date "2003.07.08"]
[Round "9"]
[White "Attaran, Sina"]
[Black "Janse, Love"]
[Result "1/2-1/2"]
[WhiteElo "1909"]
[BlackElo "2082"]
[PlyCount "127"]
[EventDate "2003.06.29"]
[SourceDate "2003.06.29"]

1. d4 f5 2. g3 Nf6 3. c4 d6 4. Bg2 g6 5. Nh3 Bg7 6. Nf4 Nc6 7. d5 Ne5 8. b3 O-O
9. Bb2 Qe8 10. Nc3 a6 11. Rc1 h6 12. h4 Nfg4 13. Qd2 Kh7 14. e4 Nf6 15. O-O Rb8
16. Rfe1 e6 17. dxe6 Bxe6 18. Nxe6 Qxe6 19. exf5 Qxf5 20. Rcd1 Rbe8 21. f4 Nc6
22. Nd5 Nxd5 23. Bxg7 Kxg7 24. Bxd5 Qd7 25. Qb2+ Kh7 26. Be4 b6 27. h5 Ne7 28.
Kg2 Qg4 29. Bf3 Qd7 30. Qc2 Qf5 31. Qxf5 Nxf5 32. hxg6+ Kxg6 33. Be4 Kf6 34.
Kf3 h5 35. Bxf5 Kxf5 36. Rd5+ Kg6 37. Rg5+ Kf6 38. Rh1 Rh8 39. Rhxh5 Rxh5 40.
Rxh5 Re1 41. Rh7 c5 42. Rb7 b5 43. cxb5 axb5 44. Rxb5 Rf1+ 45. Ke3 Re1+ 46. Kf2
Rc1 47. a4 Kf5 48. b4 Ke4 49. bxc5 Rc2+ 50. Ke1 dxc5 51. Rb8 c4 52. Kd1 Ra2 53.
Re8+ Kd3 54. Rd8+ Ke4 55. Re8+ Kd3 56. Rd8+ Ke4 57. Rd2 Rxa4 58. Rd8 Ra2 59.
Re8+ Kd3 60. Rd8+ Kc3 61. f5 Rf2 62. g4 Rf4 63. Rg8 Kd3 64. Rd8+ 1/2-1/2

[Event "SweCh Jun"]
[Site "Umeå, Sweden"]
[Date "2003.07.09"]
[Round "10"]
[White "Nilsson, Sebastian"]
[Black "Semcesen, Daniel"]
[Result "1-0"]
[WhiteElo "2198"]
[BlackElo "2333"]
[PlyCount "41"]
[EventDate "2003.06.29"]
[SourceDate "2003.06.29"]

1. e4 c5 2. Nf3 Nc6 3. d4 cxd4 4. Nxd4 Nf6 5. Nc3 e5 6. Ndb5 d6 7. Bg5 a6 8.
Na3 b5 9. Bxf6 gxf6 10. Nd5 f5 11. Bxb5 axb5 12. Nxb5 Ra4 13. Nbc7+ Kd7 14. O-O
Rxe4 15. Qh5 Ne7 16. Qxf7 Kc6 17. Rfd1 Qd7 18. Na8 Ba6 19. c4 Kb7 20. Nab6 Qd8
21. c5 1-0

[Event "SweCh Jun"]
[Site "Umeå, Sweden"]
[Date "2003.07.09"]
[Round "10"]
[White "Ong, Kezli"]
[Black "Frisk, Markus"]
[Result "1-0"]
[WhiteElo "2241"]
[BlackElo "1898"]
[PlyCount "45"]
[EventDate "2003.06.29"]
[SourceDate "2003.06.29"]

1. e4 c5 2. Nf3 d6 3. d4 Nf6 4. Nc3 cxd4 5. Nxd4 e6 6. g4 h6 7. h4 Be7 8. Rg1
d5 9. exd5 Nxd5 10. Nxd5 Qxd5 11. Bg2 Qe5+ 12. Be3 Bxh4 13. Qd2 Bg5 14. O-O-O
Bxe3 15. fxe3 Nd7 16. Rh1 a6 17. Rh5 Qc7 18. g5 Ne5 19. gxh6 gxh6 20. Rxe5 Qxe5
21. Nc6 Qf6 22. Qd8+ Qxd8 23. Rxd8# 1-0

[Event "SweCh Jun"]
[Site "Umeå, Sweden"]
[Date "2003.07.09"]
[Round "10"]
[White "Gustafsson, Stefan"]
[Black "Thurn, Magnus"]
[Result "1/2-1/2"]
[WhiteElo "1888"]
[BlackElo "2122"]
[PlyCount "62"]
[EventDate "2003.06.29"]
[SourceDate "2003.06.29"]

1. e4 e6 2. d4 d5 3. Nc3 Nf6 4. exd5 exd5 5. Bd3 c6 6. Nge2 Bd6 7. Bf4 O-O 8.
Bxd6 Qxd6 9. O-O b5 10. Qd2 Nbd7 11. Nd1 Re8 12. Ne3 Nb6 13. c3 Nc4 14. Bxc4
dxc4 15. Ng3 g6 16. Rfe1 Bd7 17. Nef1 a5 18. Rxe8+ Rxe8 19. Re1 Rxe1 20. Qxe1
Kg7 21. Qd2 h5 22. f3 Qe6 23. Qe3 Nd5 24. Qxe6 Bxe6 25. Ne4 f5 26. Nc5 Bc8 27.
Nd2 Kf6 28. Kf2 a4 29. a3 g5 30. g3 Kg6 31. f4 g4 1/2-1/2

[Event "SweCh Jun"]
[Site "Umeå, Sweden"]
[Date "2003.07.09"]
[Round "10"]
[White "Janse, Love"]
[Black "Wallin, Dennis"]
[Result "1/2-1/2"]
[WhiteElo "2082"]
[BlackElo "2259"]
[PlyCount "68"]
[EventDate "2003.06.29"]
[SourceDate "2003.06.29"]

1. e4 c6 2. d3 d5 3. Nd2 e5 4. Ngf3 Bd6 5. g3 Nf6 6. Bg2 O-O 7. O-O Nbd7 8. Re1
Re8 9. Nh4 Bf8 10. Nf1 Nc5 11. exd5 Nxd5 12. Ne3 Nxe3 13. Bxe3 g6 14. Nf3 Bg4
15. h3 Bxf3 16. Qxf3 Ne6 17. Rad1 Qa5 18. a3 Qb5 19. Rb1 Qa4 20. c3 Rad8 21.
Qd1 Qa6 22. Bf1 Qa5 23. Qb3 Rd7 24. Rbd1 b5 25. Rd2 Qc7 26. Red1 Bc5 27. Bxc5
Nxc5 28. Qb4 Ne6 29. Qe4 Nc5 30. Qb4 Rd5 31. Bg2 a5 32. Qg4 Rd6 33. d4 Nb3 34.
Re2 Qd8 1/2-1/2

[Event "SweCh Jun"]
[Site "Umeå, Sweden"]
[Date "2003.07.09"]
[Round "10"]
[White "Andersson Fraenkel, Mikael"]
[Black "Åsberg, Anders"]
[Result "1-0"]
[WhiteElo "2074"]
[BlackElo "2097"]
[PlyCount "79"]
[EventDate "2003.06.29"]
[SourceDate "2003.06.29"]

1. e4 c5 2. Nf3 Nc6 3. d4 cxd4 4. Nxd4 g6 5. Nc3 Bg7 6. Be3 Nf6 7. Bc4 Qa5 8.
O-O O-O 9. Bb3 d6 10. h3 Qh5 11. f4 Bg4 12. Qd3 Nxd4 13. Bxd4 e5 14. Bf2 Bd7
15. fxe5 Qxe5 16. Bg3 Qc5+ 17. Kh1 d5 18. exd5 Nh5 19. Bh2 Rac8 20. Ne4 Qa5 21.
Nd6 Bxb2 22. Nxc8 Bxa1 23. Ne7+ Kg7 24. Rxa1 Re8 25. d6 Qg5 26. Qd4+ f6 27. Rf1
Bc6 28. Bd5 Rxe7 29. dxe7 Bxd5 30. Qxd5 Qxd5 31. e8=Q Qc4 32. Re1 Qc3 33. h4
Ng3+ 34. Bxg3 Qxg3 35. Re7+ Kh6 36. Qf8+ Kh5 37. Rxh7+ Kg4 38. Qc8+ f5 39. Qc4+
f4 40. Qc8# 1-0

[Event "SweCh Jun"]
[Site "Umeå, Sweden"]
[Date "2003.07.09"]
[Round "10"]
[White "Andersson, Fredrik"]
[Black "Norberg, Johan"]
[Result "1/2-1/2"]
[WhiteElo "2282"]
[BlackElo "2245"]
[PlyCount "98"]
[EventDate "2003.06.29"]
[SourceDate "2003.06.29"]

1. e4 g6 2. d4 Bg7 3. Nc3 c6 4. Nf3 d5 5. h3 Nf6 6. e5 Ne4 7. Bd3 Nxc3 8. bxc3
c5 9. O-O Nc6 10. Re1 O-O 11. Be3 Qa5 12. Qd2 cxd4 13. cxd4 Qxd2 14. Bxd2 Bf5
15. Bxf5 gxf5 16. c4 Rfd8 17. c5 e6 18. Rab1 Rd7 19. Rb3 Rc8 20. g4 fxg4 21.
hxg4 f6 22. exf6 Bxf6 23. Rxe6 Kf7 24. Rd6 Rxd6 25. Rxb7+ Ke6 26. cxd6 Rg8 27.
Rxh7 Rxg4+ 28. Kf1 Kxd6 29. Be3 a5 30. Rh6 Ke7 31. Bg5 Bxg5 32. Rxc6 Bf6 33.
Rc5 Rf4 34. Kg2 Bxd4 35. Rxa5 Kd6 36. Ra4 Kc5 37. Kg3 Re4 38. Nxd4 Rxd4 39. Ra8
Re4 40. Kf3 Re7 41. Kg4 Rg7+ 42. Kf4 Rf7+ 43. Ke3 d4+ 44. Ke2 Re7+ 45. Kd3 Rf7
46. Rc8+ Kd5 47. Rd8+ Kc5 48. Rxd4 Rf3+ 49. Ke2 Rxf2+ 1/2-1/2

[Event "SweCh Jun"]
[Site "Umeå, Sweden"]
[Date "2003.07.09"]
[Round "10"]
[White "Revelj, Oskar"]
[Black "Attaran, Sina"]
[Result "1-0"]
[WhiteElo "2148"]
[BlackElo "1909"]
[PlyCount "113"]
[EventDate "2003.06.29"]
[SourceDate "2003.06.29"]

1. d4 d5 2. Nf3 Nf6 3. c4 c6 4. e3 e6 5. Nc3 Bd6 6. Bd3 Nbd7 7. O-O O-O 8. e4
dxe4 9. Nxe4 Nxe4 10. Bxe4 e5 11. dxe5 Nxe5 12. Nxe5 Bxe5 13. Bxh7+ Kxh7 14.
Qh5+ Kg8 15. Qxe5 Re8 16. Qc3 Qd6 17. b3 Re6 18. Bb2 Rg6 19. Rad1 Qc7 20. Qe5
Qxe5 21. Rd8+ Kh7 22. Bxe5 b6 23. Bg3 Re6 24. Ra1 Re7 25. Kf1 Bb7 26. Rxa8 Bxa8
27. Rd1 c5 28. f3 Kg6 29. Kf2 f6 30. Rd8 Bc6 31. Bd6 Rb7 32. Rc8 Bd7 33. Rc7
Rxc7 34. Bxc7 b5 35. Ke3 a6 36. Bd6 Bf5 37. cxb5 axb5 38. Bxc5 Kf7 39. Kd4 Bb1
40. a4 bxa4 41. bxa4 Ke6 42. Bf8 g5 43. Kc5 Ba2 44. Kc6 f5 45. Bh6 g4 46. fxg4
fxg4 47. a5 Bc4 48. Bf4 Bd3 49. h3 Kf5 50. Bg3 Be4+ 51. Kb6 Bxg2 52. h4 Ke6 53.
a6 Kd7 54. a7 Kc8 55. h5 Bd5 56. h6 Be4 57. h7 1-0

[Event "SweCh Jun"]
[Site "Umeå, Sweden"]
[Date "2003.07.10"]
[Round "11"]
[White "Semcesen, Daniel"]
[Black "Gustafsson, Stefan"]
[Result "1-0"]
[WhiteElo "2333"]
[BlackElo "1888"]
[PlyCount "29"]
[EventDate "2003.06.29"]
[SourceDate "2003.06.29"]

1. e4 e6 2. d3 d5 3. Qe2 Nf6 4. g3 b6 5. e5 Nfd7 6. Bg2 Bb7 7. c4 c6 8. Nf3 Qc7
9. O-O Be7 10. Re1 Na6 11. Nc3 O-O-O 12. cxd5 exd5 13. Bf4 Nf8 14. e6 Bd6 15.
e7 1-0

[Event "SweCh Jun"]
[Site "Umeå, Sweden"]
[Date "2003.07.10"]
[Round "11"]
[White "Attaran, Sina"]
[Black "Andersson, Fredrik"]
[Result "0-1"]
[WhiteElo "1909"]
[BlackElo "2282"]
[PlyCount "64"]
[EventDate "2003.06.29"]
[SourceDate "2003.06.29"]

1. d4 d5 2. c4 c6 3. e3 Nf6 4. Nc3 e6 5. Nf3 Nbd7 6. Bd3 dxc4 7. Bxc4 b5 8. Bd3
a6 9. Bd2 c5 10. dxc5 Nxc5 11. Be2 Bb7 12. O-O Be7 13. b4 Nce4 14. Nxe4 Nxe4
15. Be1 Qb6 16. Qd4 Qc7 17. Qd1 Nc3 18. Bxc3 Qxc3 19. a3 Bf6 20. Qd6 Rd8 21.
Qb6 Qc6 22. Qxc6+ Bxc6 23. Ra2 Ke7 24. Rc1 Rc8 25. Rac2 Bb7 26. Ne1 Bb2 27.
Rxc8 Rxc8 28. Rxc8 Bxc8 29. Nc2 Bb7 30. Bf3 Bxf3 31. gxf3 Kd6 32. Kf1 Kd5 0-1

[Event "SweCh Jun"]
[Site "Umeå, Sweden"]
[Date "2003.07.10"]
[Round "11"]
[White "Frisk, Markus"]
[Black "Nilsson, Sebastian"]
[Result "1/2-1/2"]
[WhiteElo "1898"]
[BlackElo "2198"]
[PlyCount "57"]
[EventDate "2003.06.29"]
[SourceDate "2003.06.29"]

1. d4 Nf6 2. c4 c5 3. d5 b5 4. cxb5 a6 5. bxa6 g6 6. Nc3 Bxa6 7. e4 Bxf1 8.
Kxf1 d6 9. g3 Bg7 10. Kg2 O-O 11. Nf3 Nfd7 12. Re1 Qb6 13. Re2 Na6 14. Bf4 Nc7
15. Rc1 Nb5 16. Nxb5 Qxb5 17. b3 Ra3 18. Rcc2 Rfa8 19. Bg5 Re8 20. Red2 Kf8 21.
Qe2 Rb8 22. Qxb5 Rxb5 23. Re2 Nb6 24. Bc1 Ra7 25. Bb2 Bh6 26. Bc1 Bxc1 27. Rxc1
Ra3 28. Rcc2 Rba5 29. Ne1 1/2-1/2

[Event "SweCh Jun"]
[Site "Umeå, Sweden"]
[Date "2003.07.10"]
[Round "11"]
[White "Norberg, Johan"]
[Black "Andersson Fraenkel, Mikael"]
[Result "1-0"]
[WhiteElo "2245"]
[BlackElo "2074"]
[PlyCount "63"]
[EventDate "2003.06.29"]
[SourceDate "2003.06.29"]

1. e4 c5 2. Nf3 Nc6 3. d4 cxd4 4. Nxd4 g6 5. Nc3 Bg7 6. Be3 Nf6 7. Bc4 Qa5 8.
O-O O-O 9. Bb3 d6 10. h3 Bd7 11. f4 Qh5 12. Nf3 b5 13. a3 a5 14. Qd3 a4 15. Bd5
Rac8 16. Ne2 Bh8 17. Ng3 Qh6 18. Ba2 Nh5 19. Ne2 Qg7 20. c3 Nf6 21. g4 h5 22.
g5 Ne8 23. f5 gxf5 24. exf5 e6 25. Ng3 exf5 26. Nh4 Ne5 27. Qe2 Ng6 28. Ngxf5
Qe5 29. Qxh5 Bxf5 30. Nxf5 d5 31. Nh6+ Kg7 32. Bd4 1-0

[Event "SweCh Jun"]
[Site "Umeå, Sweden"]
[Date "2003.07.10"]
[Round "11"]
[White "Thurn, Magnus"]
[Black "Janse, Love"]
[Result "0-1"]
[WhiteElo "2122"]
[BlackElo "2082"]
[PlyCount "98"]
[EventDate "2003.06.29"]
[SourceDate "2003.06.29"]

1. e4 g6 2. d4 d6 3. Nc3 c6 4. f4 d5 5. e5 h5 6. Nf3 Nh6 7. Bd3 Bg4 8. O-O Nf5
9. Ne2 e6 10. c3 c5 11. h3 Bxf3 12. Rxf3 h4 13. Kh2 Nc6 14. Bb1 Qb6 15. Bxf5
gxf5 16. dxc5 Bxc5 17. Qa4 Qc7 18. b4 Bb6 19. Qb3 a5 20. b5 Na7 21. g4 hxg3+
22. Rxg3 Nc8 23. Ba3 Bc5 24. Bxc5 Qxc5 25. b6 a4 26. Qb2 Ra6 27. Nd4 Rxb6 28.
Qc2 Qa5 29. Rb1 Ke7 30. Rbg1 Na7 31. Nxf5+ exf5 32. Qxf5 Rbh6 33. e6 Rxe6 34.
Rg7 Rf8 35. Qg5+ Ke8 36. Rd1 Nc6 37. c4 d4 38. Qg2 Qh5 39. Rd2 Rh8 40. Rg5 Qh4
41. Rg4 Qe7 42. Rg3 Re3 43. Rf3 Qe4 44. Rxe3 Qxe3 45. Rb2 Qxf4+ 46. Kg1 Qe3+
47. Kh2 Ne5 48. Rc2 Nf3+ 49. Kh1 Rxh3+ 0-1

[Event "SweCh Jun"]
[Site "Umeå, Sweden"]
[Date "2003.07.10"]
[Round "11"]
[White "Wallin, Dennis"]
[Black "Revelj, Oskar"]
[Result "1-0"]
[WhiteElo "2259"]
[BlackElo "2148"]
[PlyCount "77"]
[EventDate "2003.06.29"]
[SourceDate "2003.06.29"]

1. Nf3 d5 2. c4 e6 3. cxd5 exd5 4. d4 c6 5. Nc3 Nf6 6. Bg5 Nbd7 7. e3 Bd6 8.
Bd3 Nf8 9. Bh4 Ng6 10. Bg3 O-O 11. Qc2 Re8 12. O-O-O Bg4 13. Bxd6 Qxd6 14. h3
Be6 15. g4 a5 16. Na4 Nd7 17. Kb1 b5 18. Nc5 Nxc5 19. dxc5 Qc7 20. Nd4 Rad8 21.
Rdg1 Nf8 22. h4 Bc8 23. h5 Re7 24. Rg2 Rde8 25. Rhg1 Kh8 26. Nf5 Re5 27. Nd6
R8e7 28. Bf5 Bd7 29. h6 f6 30. hxg7+ Rxg7 31. Rh1 Bxf5 32. Nxf5 Rf7 33. Rgh2 a4
34. Qc3 Re6 35. Nd6 Rd7 36. Rh6 Qd8 37. g5 Kg7 38. gxf6+ Rxf6 39. Rxf6 1-0

[Event "SweCh Jun"]
[Site "Umeå, Sweden"]
[Date "2003.07.11"]
[Round "12"]
[White "Ong, Kezli"]
[Black "Norberg, Johan"]
[Result "1/2-1/2"]
[WhiteElo "2241"]
[BlackElo "2245"]
[PlyCount "25"]
[EventDate "2003.06.29"]
[SourceDate "2003.06.29"]

1. e4 g6 2. d4 Bg7 3. Nc3 d6 4. Nge2 Nd7 5. g3 e5 6. Bg2 h5 7. h3 Ne7 8. O-O
O-O 9. Be3 a6 10. a4 Rb8 11. a5 Nc6 12. f4 exd4 13. Nxd4 1/2-1/2

[Event "SweCh Jun"]
[Site "Umeå, Sweden"]
[Date "2003.07.11"]
[Round "12"]
[White "Gustafsson, Stefan"]
[Black "Janse, Love"]
[Result "0-1"]
[WhiteElo "1888"]
[BlackElo "2082"]
[PlyCount "57"]
[EventDate "2003.06.29"]
[SourceDate "2003.06.29"]

1. e4 g6 2. d4 d6 3. Nc3 c6 4. Bc4 d5 5. exd5 b5 6. Bb3 b4 7. dxc6 bxc3 8. Qf3
Nf6 9. Ba4 Qd5 10. c7+ Nbd7 11. Qxd5 Nxd5 12. Bc6 cxb2 13. Bxb2 Nxc7 14. Bxa8
Nxa8 15. O-O-O Bb7 16. f3 Nab6 17. Ne2 Nc4 18. Rd3 Bh6+ 19. Kb1 Nxb2 20. Kxb2
Ba6 21. Rc3 Nb6 22. Rc7 Bxe2 23. Re1 Bc4 24. Rexe7+ Kf8 25. Re1 Kg7 26. c3 Rb8
27. Ree7 Bd5 28. Kc2 Bf4 29. Rc5 0-1

[Event "SweCh Jun"]
[Site "Umeå, Sweden"]
[Date "2003.07.11"]
[Round "12"]
[White "Andersson Fraenkel, Mikael"]
[Black "Attaran, Sina"]
[Result "1/2-1/2"]
[WhiteElo "2074"]
[BlackElo "1909"]
[PlyCount "62"]
[EventDate "2003.06.29"]
[SourceDate "2003.06.29"]

1. e4 e5 2. Nc3 Nc6 3. Bc4 Nf6 4. d3 d6 5. f4 exf4 6. Bxf4 Be6 7. Bb3 Be7 8.
Nf3 O-O 9. Qd2 Bxb3 10. axb3 Nd7 11. d4 f5 12. e5 dxe5 13. dxe5 Nc5 14. Qe2 Kh8
15. Rd1 Qe8 16. Nd5 Ne6 17. Bd2 Bc5 18. c3 Ne7 19. Nxe7 Qxe7 20. Be3 Rae8 21.
O-O c6 22. b4 Bb6 23. Bxb6 axb6 24. Nd4 g6 25. Rfe1 Qc7 26. Nxe6 Rxe6 27. Qc4
Rfe8 28. Qd4 b5 29. Re2 Qe7 30. Rde1 Rd8 31. Qe3 Rd5 1/2-1/2

[Event "SweCh Jun"]
[Site "Umeå, Sweden"]
[Date "2003.07.11"]
[Round "12"]
[White "Revelj, Oskar"]
[Black "Thurn, Magnus"]
[Result "1/2-1/2"]
[WhiteElo "2148"]
[BlackElo "2122"]
[PlyCount "31"]
[EventDate "2003.06.29"]
[SourceDate "2003.06.29"]

1. e4 e6 2. d4 d5 3. Nc3 Nf6 4. Bg5 Be7 5. e5 Nfd7 6. Bxe7 Qxe7 7. f4 a6 8. Nf3
c5 9. dxc5 Nxc5 10. Qd2 b5 11. a3 Bb7 12. Qe3 O-O 13. b4 Ne4 14. Nxe4 dxe4 15.
Nd2 f6 16. Be2 1/2-1/2

[Event "SweCh Jun"]
[Site "Umeå, Sweden"]
[Date "2003.07.11"]
[Round "12"]
[White "Semcesen, Daniel"]
[Black "Frisk, Markus"]
[Result "1-0"]
[WhiteElo "2333"]
[BlackElo "1898"]
[PlyCount "75"]
[EventDate "2003.06.29"]
[SourceDate "2003.06.29"]

1. e4 c5 2. Nf3 d6 3. Bc4 Nf6 4. d3 e6 5. Bb3 Be7 6. O-O O-O 7. c3 b6 8. Re1
Bb7 9. Nbd2 Nc6 10. d4 cxd4 11. cxd4 Na5 12. Bc2 Ba6 13. b3 Rc8 14. Bb2 Rc7 15.
Nf1 Qb8 16. Ng3 Rfc8 17. Rc1 Nc6 18. Bb1 Nd8 19. Rxc7 Rxc7 20. Qd2 Ne8 21. h4
f6 22. e5 dxe5 23. dxe5 f5 24. h5 Nf7 25. Nd4 Qc8 26. Ngxf5 exf5 27. Bxf5 Qd8
28. Be6 Bc8 29. Bc4 b5 30. Bxb5 Kh8 31. Qe2 Bb7 32. Ne6 Qd5 33. Nf4 Qd8 34. Rd1
Qc8 35. e6 Nh6 36. Bxe8 Qxe8 37. Bxg7+ Kxg7 38. Qe5+ 1-0

[Event "SweCh Jun"]
[Site "Umeå, Sweden"]
[Date "2003.07.11"]
[Round "12"]
[White "Nilsson, Sebastian"]
[Black "Åsberg, Anders"]
[Result "1-0"]
[WhiteElo "2198"]
[BlackElo "2097"]
[PlyCount "105"]
[EventDate "2003.06.29"]
[SourceDate "2003.06.29"]

1. e4 c5 2. Nf3 Nc6 3. d4 cxd4 4. Nxd4 g6 5. Nc3 Bg7 6. Be3 Nf6 7. Bc4 Qa5 8.
O-O d6 9. h3 O-O 10. Nb3 Qh5 11. Qd2 g5 12. Bxg5 Qg6 13. Qe3 Bxh3 14. gxh3 h6
15. f4 hxg5 16. fxg5 Nd7 17. h4 Nde5 18. Be2 f6 19. Kh1 fxg5 20. Qxg5 Qxg5 21.
hxg5 Ng6 22. Bc4+ Kh8 23. Kg2 Be5 24. Nd5 Nf4+ 25. Nxf4 Bxf4 26. g6 Rf6 27. Bf7
Kg7 28. Rh1 Bh6 29. Raf1 Rxf1 30. Rxf1 Bg5 31. Rh1 Rh8 32. Rxh8 Kxh8 33. Kg3
Kg7 34. Kg4 Bf6 35. c3 Ne5+ 36. Kf5 Nxf7 37. gxf7 Kxf7 38. Nd4 b6 39. Ne6 Ke8
40. Kg6 Kd7 41. Nf8+ Ke8 42. Ne6 Kd7 43. Kf7 a5 44. Nf8+ Kd8 45. a4 Bh4 46. Ke6
Bf6 47. Nd7 Kc7 48. Nxf6 exf6 49. Kxf6 Kd7 50. Kf7 Kc7 51. Ke6 Kc6 52. b4 b5
53. axb5+ 1-0

[Event "SweCh Jun"]
[Site "Umeå, Sweden"]
[Date "2003.07.12"]
[Round "13"]
[White "Åsberg, Anders"]
[Black "Semcesen, Daniel"]
[Result "0-1"]
[WhiteElo "2097"]
[BlackElo "2333"]
[PlyCount "50"]
[EventDate "2003.06.29"]
[SourceDate "2003.06.29"]

1. e4 c5 2. Nf3 Nc6 3. d4 cxd4 4. Nxd4 Nf6 5. Nc3 e5 6. Ndb5 d6 7. Nd5 Nxd5 8.
exd5 Nb8 9. c4 a6 10. Nc3 Be7 11. Be2 O-O 12. O-O Nd7 13. Kh1 f5 14. f4 Bf6 15.
Be3 exf4 16. Bxf4 Be5 17. Bxe5 Nxe5 18. Qd4 Bd7 19. b4 Rf6 20. c5 Rh6 21. Bc4
Qf6 22. c6 Nf3 23. Rxf3 Qxd4 24. cxd7 Qxc4 25. Re1 Rxh2+ 0-1

[Event "SweCh Jun"]
[Site "Umeå, Sweden"]
[Date "2003.07.12"]
[Round "13"]
[White "Thurn, Magnus"]
[Black "Andersson, Fredrik"]
[Result "1-0"]
[WhiteElo "2122"]
[BlackElo "2282"]
[PlyCount "91"]
[EventDate "2003.06.29"]
[SourceDate "2003.06.29"]

1. e4 c6 2. Nc3 d5 3. Nf3 Bg4 4. h3 Bxf3 5. Qxf3 e6 6. d4 Nf6 7. Bd3 dxe4 8.
Nxe4 Nbd7 9. c3 Be7 10. O-O Nxe4 11. Qxe4 Nf6 12. Qe2 Qc7 13. Bd2 O-O 14. Rfe1
Rfd8 15. Rad1 a5 16. f4 Bd6 17. Qf3 g6 18. g4 Nd5 19. Re4 Qb6 20. c4 f5 21.
Rxe6 Qxd4+ 22. Kh1 Nc7 23. Re2 fxg4 24. hxg4 Qxb2 25. Bxg6 hxg6 26. Bc3 Qa3 27.
Qd3 Kf7 28. Rh2 Rh8 29. Bxh8 Rxh8 30. Rxh8 Qxd3 31. Rxd3 Bxf4 32. Rf3 Ne6 33.
Rb8 Kf6 34. Rxb7 Kg5 35. Re7 Nd4 36. Rd3 c5 37. Rg7 Kf6 38. Ra7 Nc6 39. Ra6 Kg5
40. Rxc6 Kxg4 41. Rxg6+ Kf5 42. Rc6 Ke4 43. Rd5 a4 44. Rcxc5 a3 45. Ra5 Bc1 46.
Rd1 1-0

[Event "SweCh Jun"]
[Site "Umeå, Sweden"]
[Date "2003.07.12"]
[Round "13"]
[White "Wallin, Dennis"]
[Black "Andersson Fraenkel, Mikael"]
[Result "1/2-1/2"]
[WhiteElo "2259"]
[BlackElo "2074"]
[PlyCount "67"]
[EventDate "2003.06.29"]
[SourceDate "2003.06.29"]

1. d4 Nf6 2. Nf3 e6 3. e3 d5 4. Bd3 Bd6 5. b3 O-O 6. Bb2 Ne4 7. O-O f5 8. Ne5
Qe7 9. c4 c6 10. f3 Nf6 11. Nd2 Bd7 12. Qc2 g6 13. Rfe1 Qg7 14. a4 Na6 15. c5
Nb4 16. Qc3 Nxd3 17. Qxd3 Bc7 18. b4 a6 19. Bc3 g5 20. Ra2 g4 21. f4 Ne4 22.
Nxe4 fxe4 23. Qe2 Bxe5 24. dxe5 Rac8 25. Rd1 Rf5 26. Be1 Rh5 27. h3 Qh6 28.
Qxg4+ Kf7 29. h4 Rg8 30. Qh3 Qg6 31. Kh2 Rf5 32. Bc3 h5 33. Rb1 Ke7 34. Rab2
1/2-1/2

[Event "SweCh Jun"]
[Site "Umeå, Sweden"]
[Date "2003.07.12"]
[Round "13"]
[White "Norberg, Johan"]
[Black "Nilsson, Sebastian"]
[Result "1/2-1/2"]
[WhiteElo "2245"]
[BlackElo "2198"]
[PlyCount "75"]
[EventDate "2003.06.29"]
[SourceDate "2003.06.29"]

1. e4 e6 2. d4 d5 3. Nd2 c5 4. exd5 Qxd5 5. Ngf3 cxd4 6. Bc4 Qd6 7. O-O Nf6 8.
Nb3 Nc6 9. Nbxd4 Nxd4 10. Qxd4 a6 11. Bg5 Qxd4 12. Nxd4 Ne4 13. Be3 Be7 14. f3
Nd6 15. Be2 O-O 16. f4 Bd7 17. c4 Rfc8 18. Rac1 Rab8 19. c5 Ne4 20. b4 Nf6 21.
Bf3 Nd5 22. Bxd5 exd5 23. Rfd1 Rd8 24. Kf2 Bf6 25. Nb3 Ba4 26. Bd4 Bxb3 27.
axb3 Bxd4+ 28. Rxd4 Rd7 29. Rcd1 Rbd8 30. R1d3 f6 31. b5 axb5 32. Rb4 d4 33.
Rxb5 Rd5 34. b4 R8d7 35. Ra5 Kf7 36. Ra2 Ke7 37. Rc2 Kd8 38. Ke2 1/2-1/2